000 00415nam a2200169Ia 4500
008 230711s9999||||xx |||||||||||||| ||und||
020 _a978-81-7319-717-8
041 _aENG
082 _a530.13
_bSI-I
100 _aSinha,S K
245 0 _aIntroduction to statistical mechanics
250 _a5th Ed.
260 _c2015
_aNew Delhi
_bNarosa Publishing House
300 _a450p.
650 _aPhysics
942 _cBK
999 _c5770
_d5770